Statistiques concernant Personnages de fiction en images - I

Cliquez ici pour prendre le quiz!

Statistiques générales

  • Ce quiz a été pris 30 340 fois
  • Le résultat moyen est 6 sur 16

Statistiques - réponses

Réponse% Correct
Iron Man
98%
Idéfix
89%
Indiana Jones
88%
Icare
52%
Isis
45%
Insécateur
44%
Iznogoud
31%
Itchy
28%
Iago
27%
Isabela Madrigal
25%
Iron Fist
23%
Ivan Drago
23%
Isildur
19%
Igor
17%
Ian Malcolm
14%
Irma
14%

Distribution des résultats

Percentile par nombre de réponses

% des personnes avec chaque résultat

Votre développement - résultats

Vous n’avez pas pris ce quiz